Metódy predchádzania krízam a determinanty ich včasnej identifikácie

Efektívna krízová komunikácia. Krízová prevenvcia. Príčiny podnikových kríz. Audit citlivosti (vulnerability audit). Issue management. Krízová komunikácia ako forma krízovej reakcie. Tréning.

Guardado en:
Detalles Bibliográficos
Autor principal: Hutníková, Alica
Otros Autores: Alexandrová, Gabriela, Kršák, Branislav
Formato: Capítulo de libro
Lenguaje:eslovaco
Materias:
Etiquetas: Agregar Etiqueta
Sin Etiquetas, Sea el primero en etiquetar este registro!

MARC

LEADER 00000naa a2200000 4500
001 0120783
005 20230908101640.5
041 0 |a slo 
044 |a SK 
245 1 0 |a Metódy predchádzania krízam a determinanty ich včasnej identifikácie  |c Alica Hutníková, Gabriela Alexandrová, Branislav Kršák 
520 |a Efektívna krízová komunikácia. Krízová prevenvcia. Príčiny podnikových kríz. Audit citlivosti (vulnerability audit). Issue management. Krízová komunikácia ako forma krízovej reakcie. Tréning. 
610 2 0 |a manažment krízový 
610 2 0 |a kríza podniku 
610 2 0 |a prostredie ekonomické 
610 2 0 |a komunikácia 
610 2 0 |a manažment komunikačný 
100 1 |a Hutníková, Alica 
700 1 |a Alexandrová, Gabriela 
700 1 |a Kršák, Branislav